000 00429nam a2200157 i 4500
001 96523
003 ES-MaACL
005 20230906181929.0
007 t|
008 050627s1917 fr ||||1| fre d
100 1 _aMâle, Emile.
_975743
245 1 2 _aL'Art allemand et l'art français du Moyen Age /
_cEmile Mâle.
260 _aParis :
_b[s.n.],
_c1917 (
_fImp. Lux)
300 _a280 p. ;
_c19 cm.
852 _aES-MaACL
_jF-5860
999 _c96523
_d96523